000 00253nam a22001097a 4500
008 170118b xxu||||| |||| 00| 0 eng d
020 _a0801662184
041 _aeng
080 _24TH
_a618.2
245 _aMEDICAL-SURGICAL NURSING
_cPHIPPS
942 _2udc
_cBK
999 _c3081
_d3081